000
00316nam a22001217a 4500
008
181023b xxu||||| |||| 00| 0 eng d
041
_a
eng
080
_2
9 ED
_a
510
100
_a
39
101
_a
MAT
245
_a
Tan Finite Mathematics For The Mnagerial Life And Social Science
_c
Laan.M
942
_2
udc
_c
BK
999
_c
50756
_d
50756